| 000 | 01171cad a22002175a 4500 | ||
|---|---|---|---|
| 001 | L156394 | ||
| 008 | 120516s2012 xxk f 000 0 eng d | ||
| 035 | _a(Sirsi) u156394 | ||
| 041 | 0 | _aeng | |
| 100 | 1 | _aClarke, Anna | |
| 110 | 2 | _aCambridge Centre for Housing and Planning Research | |
| 245 | 0 | 0 |
_aRural housing at a time of economic change _h[electronic resource] |
| 260 |
_bCambridge _cUniversity of Cambridge Cambridge Centre for Housing and Planning Research _b2012 |
||
| 520 | _aLooks at changing levels of social and private rented sector rents and the quality and location of available housing in rural localities. Assesses the impact of recent and forthcoming government policies on social and private tenants, including the changes to Housing Benefit and the overall benefit caps. Discusses migration issues. Research funded by the Commission for Rural Communities. | ||
| 590 | _aKA | ||
| 651 | 4 | _aEngland | |
| 690 |
_aResidential property _96266 |
||
| 700 | 1 | _aMonk, Sarah | |
| 856 | 4 | 0 |
_uhttps://www.defra.gov.uk/crc/files/Rural_housing_at_a_time_of_economic_change-2nd-May.pdf _zView the item free of charge from the www.defra.gov.uk |
| 942 | _n0 | ||
| 999 |
_c114236 _d114236 |
||